000 01150nam a2200229Ia 4500
999 _c39201
_d39201
001 5787
003 GE_BSU
005 20190531212829.0
008 181216s1964||||ge |||||||||||||| ||geo||
040 _cGE_BSU
041 _ageo
080 _a693.002.5 მ-76
100 _aქართველიშვილი, ი.
_91153
245 _aმიწის სამუშაოთა მანქანების დაგეგმარების საფუძვლები :
_bდამხმ. სახელმძღ. /
_cი. ქართველიშვილი, გ. გუდაძე, ნ. კიკნაძე და სხვ.
264 _aთბილისი :
_bცოდნა,
_c1964.
300 _a237 გვ.:
_bნახაზ. ;
_c22 სმ.
504 _aბიბლიოგრ. : გვ.234-235.
653 _aმიწის სამუშაოთა მანქანების დაგეგმარების საფუძვლები
700 _a გუდაძე, გ.
_eავტორი
_91942
700 _aკიკნაძე, ნ.
_eავტორი
_91943
942 _cBK
_2udc